Judita Kaššovicová personálna bibliografia

Bibliographic Details
Other Authors: Vargová, Marta, 1953- (Compiler)
Format: Book
Language:Slovak
PhysicalDescription:6 s. 21 x 15 cm
Published: Dunajská Streda Žitnoostrovná knižnica 2009
Edition:[1. vyd.]
Subjects:

MARC

LEADER 00000nam a2200000 a 4500
001 vtls010060853
003 SK-MaSNL
005 20260331205934.0
008 150827s2009 xo b 000 0 slo
015 |a SNBSAB2009-00043 
035 |a 037B49AC-D34C-4BF9-8348-0608E9020DF4 
035 |a urn:nbn:sk:snk-amjfmd 
035 |a urn:nbn:sk:snk-am003ek9 
040 |a SNK  |b slo  |c SNK  |e AACR2 
041 0 |a slo 
043 |a e-xo--- 
044 |a xo  |c SK 
072 7 |a 821.162.4  |x Slovenská literatúra  |2 konspekt 
080 |a 821.162.4-1-055.2  |2 2001 
080 |a 012  |2 2001 
080 |a 929 Kaššovicová, Judita  |2 2001 
080 |a (041)  |2 2001 
100 1 |a Vargová, Marta,  |d 1953-  |4 com  |9 119309 
245 1 0 |a Judita Kaššovicová  |b personálna bibliografia  |c [zostavila: Marta Vargová; zodp. red: Lýdia Tóthová] 
250 |a [1. vyd.] 
260 |a Dunajská Streda  |b Žitnoostrovná knižnica  |c 2009 
300 |a 6 s.  |c 21 x 15 cm 
500 |a Obsahuje biograf. údaje 
504 |a Usporiadanie tem. 34 zázn. o čl., kn., recenz., rozhovoroch v slov. a maď. Lit. 
600 1 7 |a Kaššovicová, Judita,  |d 1959-  |2 SNKMA  |9 114445 
650 0 7 |a slovenskí básnici  |2 SNKPH  |9 67856 
650 0 7 |a slovenská literatúra  |2 SNKPH  |9 1115 
655 7 |a personálne bibliografie  |2 SNKPH  |9 70198 
655 7 |a bibliografické letáky  |2 SNKPH  |9 74589 
700 1 |a Tóthová, Lýdia  |4 lso  |9 336149 
710 2 |a Žitnoostrovná knižnica (Dunajská Streda, Slovensko)  |4 pbl  |9 32794 
958 |a LX 
958 |a BX 
958 |a PB 
999 |c 660690  |d 662620 
952 |a SNK  |b SNK  |y PREZ  |7 0  |p 17A0643885  |o snkOSC 24937  |i snk2010/2082  |8 0  |0 0  |1 0  |4 0  |d 2010-02-04  |f 1  |l 0  |r 2026-02-23 18:52:28  |w 2026-02-23 
952 |a SNK  |b SNK  |y PREZ  |7 0  |p 17A0643886  |o snkOSC 24937 D1  |i snk2010/2083  |8 0  |0 0  |1 0  |4 0  |d 2010-02-04  |l 0  |r 2026-02-23 18:52:29  |w 2026-02-23